Manual de Operaciones: precenso 1991

Guardat en:
Dades bibliogràfiques
Autor corporatiu: INE (Autor), Instituto Nacional de Estadísticas (Autor)
Format: Llibre
Idioma:espanyol
Publicat: Santiago El Instituto 1990
Matèries:
Etiquetes: Afegir etiqueta
Sense etiquetes, Sigues el primer a etiquetar aquest registre!

MARC

LEADER 00000nam a2200000 a 4500
001 UCW1366
003 CL-VaPUC
008 920508e19900000CL |||||||||||||||||spa|d
082 0 4 |a 304.6  |b INE  |2 21 
110 2 |a INE  |e author  |9 305289 
710 2 |a Instituto Nacional de Estadísticas  |e author  |9 305290 
245 1 0 |a Manual de Operaciones: precenso 1991 
246 1 0 |a XVI Censo Nacional de población y V de vivienda 
300 |a 78 p 
942 |c BK 
945 |d 19920508 00:00:00 
260 |a Santiago  |b El Instituto  |c 1990 
650 0 |a Población  |9 257577 
650 7 |a CENSOS 1992  |2 CL-VaPUC  |9 270823 
651 7 |a CHILE  |2 CL-VaPUC  |9 305291 
583 |a last modification  |c 19920508 00:00:00  |k Rodrigo Vera 
999 |c 216265  |d 216263 
952 |0 0  |1 0  |4 0  |6 304_600000000000000_INE_1990  |7 0  |8 A  |9 201802  |a BIBMAT  |b BIBMAT  |d 2019-11-14  |i 2690543  |o 304.6 INE 1990  |p 2690543  |r 2025-01-07  |w 2019-11-14  |y BK  |k MAT